Welcome to the Holygrace Academy Library

Please use search bar below to get started

WHERE RAINBOWS END (Record no. 2574)

MARC details
000 -LEADER
fixed length control field 00633nam a22001457a 4500
020 ## - INTERNATIONAL STANDARD BOOK NUMBER
ISBN 978-0-00-730081-5
082 ## - DEWEY DECIMAL CLASSIFICATION NUMBER
Classification number 823
Item number AHE/W
100 ## - MAIN ENTRY--AUTHOR NAME
Personal name AHERN, CECELIA
245 ## - TITLE STATEMENT
Title WHERE RAINBOWS END
260 ## - PUBLICATION, DISTRIBUTION, ETC. (IMPRINT)
Place of publication LONDON
Name of publisher HARPER COLLINS
300 ## - PHYSICAL DESCRIPTION
Number of Pages 585
520 ## - SUMMARY, ETC.
Summary, etc Where Rainbows End is a story told through letters, emails and instant messaging about the ever-changing relationship between the two main characters Rosie Dunne and Alex Stewart. Rosie and Alex are close friends from childhood but one day they are suddenly separated when Alex and his family move from Dublin to Boston.
650 ## - SUBJECT ADDED ENTRY--TOPICAL TERM
Topical Term NOVEL
Geographic subdivision UNITED KINGDOM
942 ## - ADDED ENTRY ELEMENTS (KOHA)
Koha item type Books
Holdings
Withdrawn status Lost status Collection code Home library Current library Shelving location Date acquired Source of acquisition Cost, normal purchase price Full call number Accession Number Koha item type
    Reference Main Library Main Library SHELF-14A -ALPHABETICAL -A--ENGLISH NOVELS & FICTIONS 06/05/2016 purchase 250.00 823 AHE/W 04260 Books